LEADER 01096nam0-22003371i-450- 001 990000072140403321 005 20111018211225.0 035 $a000007214 035 $aFED01000007214 035 $a(Aleph)000007214FED01 035 $a000007214 100 $a20020821d1932----km-y0itay50------ba 101 0 $aita 102 $aIT 105 $aa-------001yy 200 1 $a<>mausoleo di Posillipo$einiziative, consensi e polemiche per la sua destinazione a monumento e tomba dei napoletani caduti in guerra$fopera di Alfonso Guerra$gcompletata da Camillo Guerra 210 $aNapoli$cM. Pescarolo$d1932 215 $a123 p.$cill.$d29 cm 225 1 $aQuaderni di architettura e di urbanistica napoletana$v2 610 0 $aNapoli$aMausoleo 610 0 $aMausoleo$aNapoli 676 $a726.809 457 3 700 1$aGuerra,$bAlfonso$03359 801 0$aIT$bUNINA$gRICA$2UNIMARC 901 $aBK 912 $a990000072140403321 952 $a13 L 07 10$b16945/2$fFINBC 952 $a13 E 07 02$b24412/2$fFINBC 959 $aFINBC 996 $aMausoleo di Posillipo$9110613 997 $aUNINA LEADER 01133nam0 2200289 i 450 001 SUN0004910 005 20120319105245.581 010 $a88-14-09039-4 100 $a20020805d2001 |0itac50 ba 101 $aita 102 $aIT 105 $a|||| ||||| 200 1 $aAdozione e affidamento dei minori$ecommento alla nuova disciplina (L. 28 marzo 2001, n. 149 e D.L. 24 aprile 2001, n. 150)$fAlfio Finocchiaro, Mario Finocchiaro 210 $aMilano$cGiuffrè$d2001 215 $aXI, 176 p.$d23 cm. 606 $aAdozione$xLegislazione$2FI$3SUNC003025 606 $aAffidamento$xLegislazione$2FI$3SUNC003026 620 $dMilano$3SUNL000284 676 $a346.15$v21 700 1$aFinocchiaro$b, Alfio$3SUNV004357$028898 701 1$aFinocchiaro$b, Mario$3SUNV004358$028899 712 $aGiuffrè$3SUNV001757$4650 801 $aIT$bSOL$c20181231$gRICA 912 $aSUN0004910 950 $aUFFICIO DI BIBLIOTECA DEL DIPARTIMENTO DI GIURISPRUDENZA$d00CONS XV.Ef.32 $e00 20400 20020805 996 $aAdozione e affidamento dei minori$9968176 997 $aUNICAMPANIA